| 000 | 01042nas a2200301 4500 | ||
|---|---|---|---|
| 001 | BR9204099 | ||
| 003 | BR-BrBNA | ||
| 005 | 20231205092705.0 | ||
| 007 | ta | ||
| 008 | 230509b bl.|||p| |||| 00| 00por d | ||
| 040 |
_aBR-BrBNA _bpor _cBiblioteca Nacional de Agricultura |
||
| 041 | _a(Pt) | ||
| 072 | _aF62 | ||
| 100 | 1 | _aCosta, R.C.L. | |
| 100 | 1 | _aLopes, N.F. | |
| 100 | 1 | _aOliva, M.A. | |
| 245 | 1 | _aCrescimento, morfologia, particao de assimilados e producao de materia seca em Phaseolus vulgaris L. submetido a tres niveis de nitrogenio e dois regimes hidricos | |
| 246 | 1 | _aGrowth, morphology, assimilate partition and dry matter production in Phaseolus vulgaris L. | |
| 650 | _aFEIJAO | ||
| 650 | _aNITROGENIO | ||
| 650 | _aANALISE FOLIAR | ||
| 650 | _aCOBERTURA SECA | ||
| 650 | _aCRESCIMENTO | ||
| 650 | _aBALANCO HIDRICO | ||
| 773 | 0 |
_tPesquisa Agropecuaria Brasileira (Brazil) _xISSN 0100-204X _g(Sep 1991), v. 26(9) p. 1453-1465 _wBR9204099 |
|
| 909 |
_a202311 _bLúcia _c55 _dLúcia Elande |
||
| 942 |
_2AGRIS _n0 _cANA |
||
| 999 |
_c133427 _d133427 |
||